| 000 | 00513nam a2200193Ia 4500 | ||
|---|---|---|---|
| 005 | 20250326141234.0 | ||
| 008 | 250326s9999 xx 000 0 und d | ||
| 037 | _aTextbook | ||
| 040 |
_aFMSL _beng _cFMSL |
||
| 041 |
_aeng _2eng |
||
| 084 | _qFMSL | ||
| 100 | _aIndia Govt OF R.b.i. | ||
| 245 | 0 |
_aReport on currency and fice1992-93. _cIndia Govt OF R.b.i. |
|
| 260 |
_aGovt _bGovt, of India. R.B.I. _c1993 |
||
| 300 | _a461p | ||
| 490 | _vvol Ist, IInd. | ||
| 942 | _cTB | ||
| 999 |
_c1289379 _d1289379 |
||